00346nam a2200145Ia 450000500170000000800410001702000180005808200130007610000180008924500160010725000080012326000460013130000130017765000100019020250430022340.0240331s9999 xx 000 0 und d a9789551715007 bJAYa891 aJayawardena,K 0aThabarawila a3rd aColombobPrint And Printers Pvt Ltdc2007 a150 p ., aNovel